Najludniejsze miasta USA - Statystyki

Ogólne statystyki
  • Ten quiz został rozwiązany 71 razy
  • Średni wynik to 5 z 8
Statystyki odpowiedzi
Ludność Miasto % Poprawnych
8 300 000 Nowy Jork
100%
3 800 000 Los Angeles
98%
2 750 000 Chicago
90%
2 300 000 Houston
60%
1 570 000 Filadelfia
52%
1 400 000 San Diego
41%
1 434 000 San Antonio
40%
1 662 600 Phoenix
24%
Nie znaleziono quizów pasujących do podanych kryteriów
Rozkład punktacji
Procent ludzi z każdym wynikiem
Percentyl według liczby udzielonych odpowiedzi
Twoja historia wyników
Nie rozwiązałeś tego quizu